00516nam a2200169Ia 450000500170000000800410001702000220005804100080008008200200008810000200010824500760012826000490020430000080025350000070026165000220026865000560029020260516171010.0260514s9999 xx 000 0 und d a978-81-7304-450-3 aeng a954.8 MIC B2295 a Michell Goegre aVijaynagara : Architectural Inventory Of The Sacred Centre Vol.3 Plates bManohar Publishers & DistributorsaNew Delhi a294 aHT aHeritage Tourisum aArchitecture, Vijayanagara—India—Hampi—Plates